000 00229nam a2200097Ia 4500
005 20251222175819.0
008 251222s9999||||xx |||||||||||||| ||spa||
082 _aDVD0070/J66/1986
245 0 _aLa misión:The Mission
942 _cDVD
999 _c40432
_d40432